Bank management and financial services with standard & poor's market insight and ethics in finance powerweb / (Record no. 346530)

000 -LEADER
fixed length control field 00581 a2200157 4500
020 ## - INTERNATIONAL STANDARD BOOK NUMBER
International Standard Book Number 0071239367 (paperback)
020 ## - INTERNATIONAL STANDARD BOOK NUMBER
International Standard Book Number 9780071239363 (paperback)
090 ## - LOCALLY ASSIGNED LC-TYPE CALL NUMBER (OCLC); LOCAL CALL NUMBER (RLIN)
-- 4074
-- 4074
100 1# - MAIN ENTRY--PERSONAL NAME
Personal name Rose, Peter S.
245 10 - TITLE STATEMENT
Title Bank management and financial services with standard & poor's market insight and ethics in finance powerweb /
Statement of responsibility, etc. Peter S. Rose.
250 ## - EDITION STATEMENT
Edition statement 6th ed.
260 ## - PUBLICATION, DISTRIBUTION, ETC.
Place of publication, distribution, etc. [S.l.] :
Name of publisher, distributor, etc. McGraw Hill Education,
Date of publication, distribution, etc. 2004.
300 ## - PHYSICAL DESCRIPTION
Extent 1 v. (unpaged)
856 40 - ELECTRONIC LOCATION AND ACCESS
Materials specified Amazon.com
Uniform Resource Identifier <a href="http://www.amazon.com/exec/obidos/ASIN/0071239367/chopaconline-20">http://www.amazon.com/exec/obidos/ASIN/0071239367/chopaconline-20</a>
942 ## - ADDED ENTRY ELEMENTS (KOHA)
Institution code [OBSOLETE] NBS
Koha item type Book
Call number prefix 332.1068 ROS
Holdings
Withdrawn status Lost status Damaged status Not for loan Permanent Location Current Location Date acquired Total Checkouts Full call number Barcode Date last seen Date last checked out Price effective from Koha item type
        Central Library (CL) Central Library (CL) 08/28/2013 1 332.1068 ROS NBS6645 11/22/2017 07/31/2017 08/28/2013 Book
        Central Library (CL) Central Library (CL) 08/28/2013 1 332.1068 ROS NBS6721 11/22/2017 07/31/2017 08/28/2013 Book
© 2023 Central Library, National University of Sciences and Technology. All Rights Reserved.